Kluby z Premier League, Championship, League One, League Two 24/25 - Statystyki

Ogólne statystyki
  • Ten quiz został rozwiązany 36 razy
  • Średni wynik to 45 z 92
Statystyki odpowiedzi
Hint Odpowiedź % Poprawnych
Premier League Arsenal
96%
Premier League Chelsea
96%
Premier League Liverpool
96%
Premier League Manchester City
96%
Premier League Manchester United
96%
Premier League Crystal Palace
93%
Premier League Fulham
93%
Premier League Newcastle
93%
Premier League West Ham
93%
Premier League Aston Villa
89%
Premier League Leicester
89%
Premier League Nottingham
89%
Premier League Southampton
89%
Premier League Tottenham
89%
Premier League Brighton
85%
Championship Sunderland
85%
Premier League Everton
81%
Premier League Bournemouth
78%
Premier League Brentford
78%
Championship Burnley
74%
Premier League Ipswich
74%
Championship Leeds
74%
Championship Norwich
74%
Championship Cardiff
70%
Championship Hull
70%
Premier League Wolves
70%
Championship Derby
67%
Championship Sheffield United
67%
Championship Swansea
67%
Championship Blackburn
63%
Championship Portsmouth
63%
League One Birmingham
59%
Championship Luton
59%
Championship Coventry
56%
League Two Wimbledon
56%
League One Bolton
52%
Championship Bristol City
52%
Championship Stoke
52%
Championship Watford
52%
Championship West Brom
52%
League One Barnsley
48%
Championship Millwall
48%
Championship Plymouth
48%
Championship Preston
48%
Championship QPR
48%
Championship Middlesbrough
44%
League One Reading
44%
Championship Sheffield Wednesday
44%
League One Wrexham
44%
League One Wigan
41%
League Two Bradford
37%
League One Charlton
37%
League One Northampton
37%
League Two Accrington
33%
League One Blackpool
33%
League One Bristol Rovers
33%
League One Exeter
33%
League Two Newport
33%
League Two Port Vale
33%
League One Wycombe
33%
League Two Doncaster
30%
League One Leyton Orient
30%
League One Mansfield
30%
Championship Oxford United
30%
League One Cambridge
26%
League Two Crewe
26%
League Two Grimsby
26%
League One Lincoln
26%
League One Rotherham
26%
League Two Colchester
22%
League One Crawley
22%
League Two Gillingham
22%
League One Hudersfield
22%
League One Peterborough
22%
League One Stockport
22%
League Two Swindon
22%
League Two Tranmere
22%
League Two Walsall
22%
League Two Carlisle
19%
League Two Chesterfield
19%
League Two Fleetwood
19%
League Two Morecambe
19%
League Two Salford
19%
League Two Milton
15%
League One Shrewsbury
15%
League One Stevenage
15%
League Two Bromley
11%
League One Burton
11%
League Two Harrogate
11%
League Two Barrow
7%
League Two Cheltenham
7%
League Two Notts Country
4%
Nie znaleziono quizów pasujących do podanych kryteriów
Rozkład punktacji
Procent ludzi z każdym wynikiem
Percentyl według liczby udzielonych odpowiedzi
Twoja historia wyników
Nie rozwiązałeś tego quizu